Những điều cần biết về El Ninô và La Nina
Cuốn sách giới thiệu những hiểu biết khái quát về El Ninô và La Nina cùng với hậu quả của chúng đối với khí hậu, thời tiết và kinh tế, xã hội trên thế giới nói chung và ở nước ta nói riêng....
Gardado en:
| Autor Principal: | |
|---|---|
| Formato: | Libro |
| Idioma: | Undetermined |
| Publicado: |
Hà Nội
Khoa học và Kỹ thuật
2000
|
| Những chủ đề: | |
| Các nhãn: |
Engadir etiqueta
Sen Etiquetas, Sexa o primeiro en etiquetar este rexistro!
|
| Thư viện lưu trữ: | Trung tâm Học liệu Trường Đại học Cần Thơ |
|---|
| LEADER | 00947nam a2200217Ia 4500 | ||
|---|---|---|---|
| 001 | CTU_148482 | ||
| 008 | 210402s9999 xx 000 0 und d | ||
| 020 | |c 11500 | ||
| 082 | |a 551 | ||
| 082 | |b Ng550 | ||
| 100 | |a Nguyễn, Đức Ngữ | ||
| 245 | 0 | |a Những điều cần biết về El Ninô và La Nina | |
| 245 | 0 | |c Nguyễn Đức Ngữ ( chủ biên ) ... [ et al. ] | |
| 260 | |a Hà Nội | ||
| 260 | |b Khoa học và Kỹ thuật | ||
| 260 | |c 2000 | ||
| 520 | |a Cuốn sách giới thiệu những hiểu biết khái quát về El Ninô và La Nina cùng với hậu quả của chúng đối với khí hậu, thời tiết và kinh tế, xã hội trên thế giới nói chung và ở nước ta nói riêng. | ||
| 650 | |a Atmosphere | ||
| 650 | |x Research | ||
| 904 | |i QHieu | ||
| 980 | |a Trung tâm Học liệu Trường Đại học Cần Thơ | ||